| Tag |
First Indicator |
Second Indicator |
Subfields |
| LEADER |
00000cam a2200000 a 4500 |
| 001 |
in00001344421 |
| 005 |
20151006051904.0 |
| 008 |
950119s1995 akuab b 001 0 eng |
| 010 |
|
|
|a 95005431
|
| 020 |
|
|
|a 0882404628 (acid-free) :
|c $24.95
|
| 035 |
|
|
|a (OCoLC)31971401
|
| 035 |
|
|
|9 AHF7015AM
|
| 040 |
|
|
|a DLC
|c DLC
|d TXA
|d UtOrBLW
|
| 043 |
|
|
|a n-us-ak
|
| 049 |
|
|
|a TXAM
|
| 050 |
0 |
0 |
|a QL684.A4
|b A75 1995
|
| 082 |
0 |
0 |
|a 598.29798
|2 20
|
| 100 |
1 |
|
|a Armstrong, Robert H.,
|d 1936-
|
| 245 |
1 |
0 |
|a Guide to the birds of Alaska /
|c Robert H. Armstrong.
|
| 246 |
3 |
0 |
|a Birds of Alaska
|
| 250 |
|
|
|a 4th ed.
|
| 264 |
|
1 |
|a Anchorage :
|b Alaska Northwest Books,
|c 1995.
|
| 300 |
|
|
|a 322 pages :
|b color illustrations, map ;
|c 22 cm.
|
| 336 |
|
|
|a text
|b txt
|2 rdacontent
|
| 337 |
|
|
|a unmediated
|b n
|2 rdamedia
|
| 338 |
|
|
|a volume
|b nc
|2 rdacarrier
|
| 504 |
|
|
|a Includes bibliographical references and index.
|
| 650 |
|
0 |
|a Birds
|z Alaska
|x Identification.
|
| 999 |
|
|
|a MARS
|
| 999 |
f |
f |
|s d00d7a61-6c4e-3453-9d00-732484a1cabb
|i c1d04354-fb27-32d9-b750-5922fd9417ec
|t 0
|
| 952 |
f |
f |
|p normal
|a Texas A&M University
|b College Station
|c Sterling C. Evans Library
|d Evans: Library Stacks
|t 0
|e QL684.A4 A75 1995
|h Library of Congress classification
|i unmediated -- volume
|m A14821002878
|
| 998 |
f |
f |
|a QL684.A4 A75 1995
|t 0
|l Evans: Library Stacks
|